|
|
|
|
| LEADER |
02427nam a2200469 i 4500 |
| 001 |
38969 |
| 003 |
BD-DhAAL |
| 005 |
20220621114956.0 |
| 008 |
220621t2018 nyua b 001 0 eng d |
| 999 |
|
|
|c 44408
|d 44408
|
| 010 |
|
|
|a 2017031869
|
| 020 |
|
|
|a 9781259584732 (hardcover)
|
| 020 |
|
|
|a 1259584739 (hardcover)
|
| 035 |
|
|
|a (DNLM)101708739
|
| 040 |
|
|
|a DNLM/DLC
|c DLC
|e rda
|d DLC
|d BD-DhAAL
|
| 042 |
|
|
|a pcc
|
| 050 |
0 |
0 |
|a RM300
|b .G644 2018
|
| 060 |
1 |
0 |
|a QV 4
|
| 082 |
0 |
0 |
|a 615.7
|2 23
|
| 245 |
0 |
0 |
|a Goodman & Gilman's the pharmacological basis of therapeutics /
|c editor in chief, Laurence L. Brunton ; editors, Randa Hilal-Dandan, Björn C. Knollmann.
|
| 246 |
1 |
|
|a Goodman and Gilman's the pharmacological basis of therapeutics
|
| 246 |
1 |
|
|a Pharmacological basis of therapeutics
|
| 250 |
|
|
|a Thirteenth edition.
|
| 264 |
|
1 |
|a New York :
|b McGraw Hill Medical,
|c c2018.
|
| 300 |
|
|
|a xiii, 1419 pages :
|b color illustrations ;
|c 29 cm.
|
| 504 |
|
|
|a Includes bibliographical references and index.
|
| 526 |
|
|
|a PHR
|
| 541 |
|
|
|a Book Finder International
|e 38969, 38970, 38971, 38972
|
| 650 |
1 |
2 |
|a Pharmacological Phenomena.
|9 49527
|
| 650 |
2 |
2 |
|a Pharmaceutical Preparations.
|9 49528
|
| 650 |
2 |
2 |
|a Pharmacokinetics.
|9 49529
|
| 650 |
2 |
2 |
|a Drug Therapy.
|9 49530
|
| 650 |
2 |
2 |
|a Pharmacy.
|9 49531
|
| 700 |
1 |
|
|a Brunton, Laurence L.,
|e editor.
|9 49532
|
| 700 |
1 |
|
|a Hilal-Dandan, Randa.,
|e editor.
|9 49533
|
| 700 |
1 |
|
|a Knollmann, Björn C.,
|e editor.
|9 49534
|
| 852 |
|
|
|a Ayesha Abed Library
|c General Stacks
|
| 942 |
|
|
|2 ddc
|c BK
|
| 952 |
|
|
|0 0
|1 0
|2 ddc
|4 0
|6 615_700000000000000_GOO
|7 0
|9 71045
|a BRACUL
|b BRACUL
|c GEN
|d 2022-06-19
|e Book Finder International
|g 10640.31
|l 3
|m 22
|o 615.7 GOO
|p 3010038969
|r 2024-04-18
|s 2024-01-31
|t 1
|v 10640.31
|w 2022-06-19
|y BK
|
| 952 |
|
|
|0 0
|1 0
|2 ddc
|4 0
|6 615_700000000000000_GOO
|7 0
|9 71046
|a BRACUL
|b BRACUL
|c GEN
|d 2022-06-19
|e Book Finder International
|g 10640.31
|l 1
|m 21
|o 615.7 GOO
|p 3010038970
|r 2023-12-17
|s 2023-07-31
|t 2
|v 10640.31
|w 2022-06-19
|y BK
|
| 952 |
|
|
|0 0
|1 0
|2 ddc
|4 0
|6 615_700000000000000_GOO
|7 0
|9 71047
|a BRACUL
|b BRACUL
|c GEN
|d 2022-06-19
|e Book Finder International
|g 10640.31
|l 2
|m 40
|o 615.7 GOO
|p 3010038971
|q 2026-05-21
|r 2026-02-19
|s 2026-02-19
|t 3
|v 10640.31
|w 2022-06-19
|y BK
|
| 952 |
|
|
|0 0
|1 0
|2 ddc
|4 0
|6 615_700000000000000_GOO
|7 0
|9 71048
|a BRACUL
|b BRACUL
|c GEN
|d 2022-06-19
|e Book Finder International
|g 10640.31
|l 3
|m 32
|o 615.7 GOO
|p 3010038972
|q 2026-06-02
|r 2026-02-02
|s 2026-02-02
|t 4
|v 10640.31
|w 2022-06-19
|y BK
|